रसवन्ती (Record no. 64614)
[ view plain ]
| 000 -LEADER | |
|---|---|
| fixed length control field | 00349nam a2200109Ia 4500 |
| 008 - FIXED-LENGTH DATA ELEMENTS--GENERAL INFORMATION | |
| fixed length control field | 221009s9999 xx 000 0 und d |
| 082 ## - DEWEY DECIMAL CLASSIFICATION NUMBER | |
| Classification number | 891.431 DIN |
| 100 ## - MAIN ENTRY--PERSONAL NAME | |
| Personal name | दिनकर श्री रामधारी सिंह |
| 9 (RLIN) | 42437 |
| 245 #0 - TITLE STATEMENT | |
| Title | रसवन्ती |
| 260 ## - PUBLICATION, DISTRIBUTION, ETC. (IMPRINT) | |
| Name of publisher, distributor, etc. | श्रीअजन्ता प्रेस |
| 942 ## - ADDED ENTRY ELEMENTS (KOHA) | |
| Koha item type | Books |
No items available.









